| 000 | 00509nam a2200205Ia 4500 | ||
|---|---|---|---|
| 003 | 0100 | ||
| 008 | 130303s9999 xx 000 0 und d | ||
| 020 | _a0631229671 | ||
| 040 | _cARRUPELIB | ||
| 050 | _aB72.C595 1998 | ||
| 245 | 2 | _aA companion to the philosophers | |
| 260 | _aMassachusetts | ||
| 260 | _bBlackwell Publishers | ||
| 260 | _C1998 | ||
| 300 | _a696p. | ||
| 300 | _b 25cm | ||
| 440 | _aBlackwell companions to philosophy | ||
| 700 | _aArrington, Robert L. (ed.) | ||
| 942 |
_2lcc _012 |
||
| 999 |
_c60892 _d60892 |
||